Correspondencia de la ciudad de Buenos Aires con los Reyes de España / (Record no. 184702)

MARC details
000 -LEADER
campo de control de longitud fija 01140nam a2200241 i 4500
001 - NÚMERO DE CONTROL
campo de control 184702
003 - IDENTIFICADOR DE NÚMERO DE CONTROL
campo de control ES-MaACL
005 - FECHA Y HORA DE LA ÚLTIMA TRANSACCIÓN
campo de control 20250902131139.0
008 - DATOS DE LONGITUD FIJA--INFORMACIÓN GENERAL
campo de control de longitud fija 151116s1915 ag |||| | spa d
245 00 - MENCIÓN DEL TÍTULO
Título Correspondencia de la ciudad de Buenos Aires con los Reyes de España /
Mención de responsabilidad, etc. reunida en el Archivo de Indias de Sevilla, coordenada y publicada por Roberto Levillier.
260 ## - PUBLICACIÓN, DISTRIBUCIÓN, ETC.
Lugar de publicación, distribución, etc. Buenos Aires :
Nombre del editor, distribuidor, etc. Municipalidad,
Fecha de publicación, distribución, etc. 1915.
300 ## - DESCRIPCIÓN FÍSICA
Extensión 3 v. ;
Dimensiones 24 cm.
490 1# - MENCIÓN DE SERIE
Mención de serie Colección de publicaciones históricas de la Biblioteca del Congreso Argentino
505 8# - NOTA DE CONTENIDO CON FORMATO
Nota de contenido con formato Contiene: I: 1588-1615 II: 1615-1635 / prólogo de Rafael Altamira III: 1660-1700 / prólogo de Pedro Torre Lanzas
610 24 - PUNTO DE ACCESO ADICIONAL DE MATERIA--NOMBRE DE ENTIDAD CORPORATIVA
Nombre de entidad corporativa o nombre de jurisdicción como elemento de entrada Archivo General de Indias-
Subdivisión general Catálogos.
9 (RLIN) 1431
651 #4 - PUNTO DE ACCESO ADICIONAL DE MATERIA--NOMBRE GEOGRÁFICO
Nombre geográfico Buenos Aires-
Subdivisión general Administración-
Subdivisión de forma Historia-
-- Fuentes.
9 (RLIN) 158142
700 1# - ENTRADA AGREGADA--NOMBRE PERSONAL
Nombre de persona Levillier, Roberto,
Fechas asociadas al nombre 1886-1969
9 (RLIN) 71965
700 1# - ENTRADA AGREGADA--NOMBRE PERSONAL
Nombre de persona Altamira, Rafael,
Fechas asociadas al nombre 1866-1951
9 (RLIN) 20515
700 0# - ENTRADA AGREGADA--NOMBRE PERSONAL
Nombre de persona Torres Lanzas, Pedro.
9 (RLIN) 110975
830 0# - PUNTO DE ACCESO ADICIONAL DE SERIE-TÍTULO UNIFORME
Título uniforme Colección de publicaciones históricas de la Biblioteca del Congreso Argentino
9 (RLIN) 192228
852 ## - LOCALIZACIÓN
Ubicación ES-MaACL
Número de control de estantería C-7167-69
Holdings
Estatus retirado Estado de pérdida Estado de daño No para préstamo Biblioteca de origen Biblioteca actual Ubicación en estantería Fecha de adquisición Fuente de adquisición Total de préstamos Signatura topográfica completa Código de barras Visto por última vez Precio de reemplazo Tipo de ítem Koha
        Biblioteca del Ateneo de Madrid Biblioteca del Ateneo de Madrid Sala Palomar 16/11/2015     C-7167-69 1194471 23/02/2023 23/02/2023 Libro impreso